Tagalog (Filipino) Words Accepted in English - Statistics

General Stats
  • This quiz has been taken 364 times
  • The average score is 11 of 25
Answer Stats
Hint Answer % Correct
an elder brother. Also used as a respectful title or form of address for an older man Kuya
74%
A dessert made of mixed fruits, sweet beans, milk, and shaved ice Halo-Halo
71%
a group of friends Barkada
66%
a yeast-raised bread roll made of flour, eggs, sugar and salt, widely consumed in the Philippines, especially for breakfast Pan de sal
63%
a gift or souvenir given to a friend or relative by a person who has returned from a trip or arrived for a visit Pasalubong
63%
A dipper used to scoop up water from a pail or bucket while washing Tabo
63%
a type of soup made with meat, shrimp, or fish and flavored with a sour ingredient Sinigang
59%
A Filipino visiting or returning to the Philippines after a period of living in another country Balikbayan
58%
A woman employed by a family to look after a child, or a sick or elderly person Yaya
56%
money, food, or other provisions taken to school, work, or on a journey. Baon
54%
Food or snacks provided as an accompaniment to alcoholic drinks Pulutan
54%
An exclamation of salutation or greeting: long live ——! Mabuhay!
44%
Customer regularly purchases products or services from the same provider Suki
44%
the gelatinous flesh of an unripe (green-husked) coconut Buko
39%
a sense of obligation to return a favor owed to someone Utang na loob
39%
literally ‘each one pays their own’, used especially to indicate that the cost of a meal is to be shared KKB (Kanya-Kanyang Bayad)
37%
A member of the same graduation class as another Batchmate
34%
a public toilet Comfort Room
28%
a kitchen where everyday cooking is done by household staff, as distinct from a kitchen that is purely for show or for special use by the owner of the house Dirty Kitchen
28%
a night out with friends Gimmick
25%
a girl or woman interested in beauty products and fashion Kikay
22%
to apprehend and execute (a suspected criminal) without trial Salvage
9%
Expressing an attitude of optimistic acceptance or fatalistic resignation Bahala na
8%
Of a clock or watch: indicating a time ahead of the correct time Advanced
7%
angry, agitated High Blood
5%
No matching quizzes found
Score Distribution
Percent of People with Each Score
Percentile by Number Answered
Your Score History
You have not taken this quiz